La pedagogía hospitalaria: clave en la atención al niño enfermo y hospitalizado y su derecho a la educación (Record no. 196931)

MARC details
000 -CABECERA
campo de control de longitud fija 01372nab a2200265 a 4500
005 - FECHA Y HORA DE LA ÚLTIMA TRANSACCIÓN
campo de control 20250325063813.0
008 - ELEMENTOS DE LONGITUD FIJA--INFORMACIÓN GENERAL
campo de control de longitud fija 991125c2017 sp ar p o 000 0 spa d
024 3# - OTRO IDENTIFICADOR NORMALIZADO
Número estándar o código http://dx.doi.org/10.14201/aula2017233347
035 ## - NÚMERO DE CONTROL DEL SISTEMA
Número de control de sistema UPN01000224834
040 ## - FUENTE DE LA CATALOGACIÓN
Centro catalogador/agencia de origen UPN
Lengua de catalogación spa
Centro/agencia transcriptor UPN
Normas de descripción aacr2
049 ## - COLECCIÓN
Colección ART-E
100 1# - ASIENTO PRINCIPAL--NOMBRE PERSONAL
Nombre de persona Calvo Álvarez, María Isabel
Enlace - isabelc@usal.es
245 13 - MENCIÓN DE TÍTULO
Título La pedagogía hospitalaria: clave en la atención al niño enfermo y hospitalizado y su derecho a la educación
Medio [recurso electrónico en línea]
506 0# - NOTA DE RESTRICCIONES AL ACCESO
Limitaciones de acceso Acceso abierto
520 3# - NOTA DE RESUMEN, ETC.
Sumario, etc. Los cambios a lo largo de la historia de la educación han favorecido la atención al niño enfermo. En las siguientes líneas nos acercamos a la Pedagogía Hospitalaria, sus orígenes, objetivos, presente y futuro. La Pedagogía Hospitalaria está traspasando la zona pediátrica para dar una respuesta integral al paciente mejorando su calidad de vida.
650 #2 - ASIENTO SECUNDARIO DE MATERIA - TERMINO TEMATICO
9 (RLIN) 22675
Término de materia o nombre geográfico como elemento de entrada Pedagogía hospitalaria
650 #4 - ASIENTO SECUNDARIO DE MATERIA - TERMINO TEMATICO
Término de materia o nombre geográfico como elemento de entrada Derecho a la educación
9 (RLIN) 22625
650 #4 - ASIENTO SECUNDARIO DE MATERIA - TERMINO TEMATICO
9 (RLIN) 16283
Término de materia o nombre geográfico como elemento de entrada Educadores
653 0# - TERMINO DE INDIZACION - NO CONTROLADO
Término no controlado Niños
653 0# - TERMINO DE INDIZACION - NO CONTROLADO
Término no controlado Proyecto educativo
773 ## - ENLACE AL DOCUMENTO FUENTE/ENTRADA DE REGISTRO ANFITRIÓN
Parte(s) relacionada(s) Vol. 23 (2017), p. 33-47
Título Aula : revista de pedagogía de la Universidad de Salamanca
Número Internacional Normalizado para Publicaciones Seriadas 2174-0925
856 4# - LOCALIZACIÓN Y ACCESO ELECTRÓNICOS
Identificador Uniforme del Recurso <a href="http://campus.usal.es/~revistas_trabajo/index.php/0214-3402/article/view/aula2017233347/17965">http://campus.usal.es/~revistas_trabajo/index.php/0214-3402/article/view/aula2017233347/17965</a>
905 ## - TIPO DE MATERIAL
Tipo de material Articulo
942 ## - ELEMENTOS DE PUNTO DE ACCESO ADICIONAL (KOHA)
Tipo de ítem Koha Artículo Electrónico
Holdings
Estado de retiro Estado de pérdida Estado dañado No para préstamo Código de colección Localización permanente Ubicación/localización actual Ubicación en estantería Fecha de adquisición Total de préstamos Fecha visto por última vez Identificador Uniforme del Recurso Precio válido a partir de Tipo de ítem Koha
        Acceso abierto Bib. Gregorio Torres Quintero Bib. Gregorio Torres Quintero En línea 11/01/2024   11/01/2024 https://revistas.usal.es/tres/index.php/0214-3402/article/view/aula2017233347/17965 11/01/2024 Artículo Electrónico